000 00696cam a2200229 a 4500
001 000005157
005 20200929151608.0
008 971231s1997 mx 000 0 spa
010 _a97229335
020 _a9682999987
040 _aDO-SdBNP
_cDLC
082 _aM861.44
_bF634l
100 1 _aFlores, Malva,
_d1961-
_914753
245 1 0 _aLadera de las cosas vivas /
_cMalva Flores.
260 _aMexico, D.F. :
_bConsejo Nacional para la Cultura y las Artes,
_c1997.
300 _a72 p. ;
_c21 cm.
440 0 _aPractica mortal
_914754
650 4 _aPoesía mexicana
_99120
650 4 _aVientos
_xPoesía
_914755
650 4 _aLiteratura mexicana
_91922
910 _aCatalogación por copia / LC
999 _c4960
_d4960